<?xml version="1.0" encoding="UTF-8"?>
<record
    xmlns:xsi="http://www.w3.org/2001/XMLSchema-instance"
    xsi:schemaLocation="http://www.loc.gov/MARC21/slim http://www.loc.gov/standards/marcxml/schema/MARC21slim.xsd"
    xmlns="http://www.loc.gov/MARC21/slim">

  <leader>01916nam a2200253 a 4500</leader>
  <controlfield tag="001">000026287</controlfield>
  <controlfield tag="005">20260527074041.0</controlfield>
  <controlfield tag="008">110309s1999    dr ad         001 0 spa d</controlfield>
  <datafield tag="040" ind1=" " ind2=" ">
    <subfield code="a">DO-SdBNP</subfield>
    <subfield code="b">spa</subfield>
    <subfield code="c">BNPHU</subfield>
  </datafield>
  <datafield tag="082" ind1=" " ind2=" ">
    <subfield code="a">324.7</subfield>
    <subfield code="b">R173p</subfield>
  </datafield>
  <datafield tag="100" ind1="1" ind2=" ">
    <subfield code="a">Ram&#xED;rez Morillo, Belarminio,</subfield>
    <subfield code="d">1964-</subfield>
    <subfield code="9">2520</subfield>
  </datafield>
  <datafield tag="245" ind1="1" ind2="0">
    <subfield code="a">Proceso Pol&#xED;tico :</subfield>
    <subfield code="b">partidos, encuesta, propaganda, actores pol&#xED;ticos, y medios de comunicaci&#xF3;n en la campa&#xF1;a electoral /</subfield>
    <subfield code="c">Belarminio Ram&#xED;rez Morillo.</subfield>
  </datafield>
  <datafield tag="260" ind1=" " ind2=" ">
    <subfield code="a">Santo Domingo :</subfield>
    <subfield code="b">Instituto de Fomaci&#xF3;n Pol&#xED;tica,</subfield>
    <subfield code="c">1999.</subfield>
    <subfield code="f">Di&#xE1;logo</subfield>
  </datafield>
  <datafield tag="300" ind1=" " ind2=" ">
    <subfield code="a">201 p. :</subfield>
    <subfield code="b">il., tablas ;</subfield>
    <subfield code="c">22 cm.</subfield>
  </datafield>
  <datafield tag="500" ind1=" " ind2=" ">
    <subfield code="a">Incluye referencias bibliogr&#xE1;f&#xED;cas y notas al pie de las p&#xE1;ginas.</subfield>
  </datafield>
  <datafield tag="504" ind1=" " ind2=" ">
    <subfield code="a">Bibliograf&#xED;a: p.193-197.</subfield>
  </datafield>
  <datafield tag="505" ind1="0" ind2=" ">
    <subfield code="g">Presentaci&#xF3;n --</subfield>
    <subfield code="g">Introducci&#xF3;n --</subfield>
    <subfield code="t">El escenario pre-electoral --</subfield>
    <subfield code="t">El di&#xE1;logo nacional y sus consecuencias --</subfield>
    <subfield code="t">Marco legal de las campa&#xF1;as electorales --</subfield>
    <subfield code="t">Partidos y candidatos en competencia --</subfield>
    <subfield code="t">Las estrategias de la campa&#xF1;a electoral --</subfield>
    <subfield code="t">Los temas clave de la campa&#xF1;a --</subfield>
    <subfield code="t">La maquinaria pol&#xED;tica en la campa&#xF1;a --</subfield>
    <subfield code="t">Asesores y consultores en la campa&#xF1;a --</subfield>
    <subfield code="t">Pol&#xED;ticos y comunicadores: una relaci&#xF3;n conflictiva &#xFA;til a la democracia --</subfield>
    <subfield code="t">Los medios de comunicaci&#xF3;n y la campa&#xF1;a --</subfield>
    <subfield code="t">La propaganda electoral --</subfield>
    <subfield code="t">Los personajes de la campa&#xF1;a --</subfield>
    <subfield code="t">El financiamiento de la campa&#xF1;a electoral --</subfield>
    <subfield code="t">Empresas y sondeos de opini&#xF3;n --</subfield>
    <subfield code="t">La muerte de Pe&#xF1;a G&#xF3;mez y su impacto en el escenario pol&#xED;tico electoral --</subfield>
    <subfield code="t">Los resultados electorales y el impacto sobre la representaci&#xF3;n pol&#xED;tica --</subfield>
    <subfield code="t">Las causas de la abstenci&#xF3;n electoral --</subfield>
    <subfield code="g">Bibliograf&#xED;a.</subfield>
  </datafield>
  <datafield tag="590" ind1=" " ind2=" ">
    <subfield code="a">Inventariado, 2019/MFF</subfield>
  </datafield>
  <datafield tag="650" ind1=" " ind2="4">
    <subfield code="a">Elecciones</subfield>
    <subfield code="z">Rep&#xFA;blica Dominicana</subfield>
    <subfield code="9">2992</subfield>
  </datafield>
  <datafield tag="650" ind1=" " ind2="0">
    <subfield code="a">Partidos pol&#xED;ticos</subfield>
    <subfield code="z">Rep&#xFA;blica Dominicana</subfield>
    <subfield code="9">285</subfield>
  </datafield>
  <datafield tag="650" ind1=" " ind2="4">
    <subfield code="a">Campa&#xF1;a electoral</subfield>
    <subfield code="z">Rep&#xFA;blica Dominicana</subfield>
    <subfield code="9">3002</subfield>
  </datafield>
  <datafield tag="651" ind1=" " ind2="0">
    <subfield code="a">Rep&#xFA;blica Dominicana</subfield>
    <subfield code="x">Pol&#xED;tica y gobierno</subfield>
    <subfield code="9">45</subfield>
  </datafield>
  <datafield tag="910" ind1=" " ind2=" ">
    <subfield code="a">Validado. Control de calidad EMS</subfield>
  </datafield>
  <datafield tag="952" ind1=" " ind2=" ">
    <subfield code="0">0</subfield>
    <subfield code="1">0</subfield>
    <subfield code="2">ddc</subfield>
    <subfield code="5">4</subfield>
    <subfield code="7">0</subfield>
    <subfield code="8">DS</subfield>
    <subfield code="a">BNPHU</subfield>
    <subfield code="b">BNPHU</subfield>
    <subfield code="c">HD</subfield>
    <subfield code="d">2011-03-09</subfield>
    <subfield code="i">LF1</subfield>
    <subfield code="l">0</subfield>
    <subfield code="o">324.7 R173p</subfield>
    <subfield code="p">26287-30</subfield>
    <subfield code="r">2020-06-25</subfield>
    <subfield code="t">e. 3</subfield>
    <subfield code="w">2020-06-25</subfield>
    <subfield code="y">LFDS</subfield>
    <subfield code="Z">Pr&#xE9;stamo en sala</subfield>
  </datafield>
  <datafield tag="952" ind1=" " ind2=" ">
    <subfield code="0">0</subfield>
    <subfield code="1">0</subfield>
    <subfield code="7">1</subfield>
    <subfield code="8">PD</subfield>
    <subfield code="a">PD</subfield>
    <subfield code="b">PD</subfield>
    <subfield code="c">HD</subfield>
    <subfield code="d">2011-03-09</subfield>
    <subfield code="i">LF1</subfield>
    <subfield code="l">0</subfield>
    <subfield code="o">324.7 R173p</subfield>
    <subfield code="p">26287-10</subfield>
    <subfield code="r">2020-06-25</subfield>
    <subfield code="w">2020-06-25</subfield>
    <subfield code="y">LFPD</subfield>
    <subfield code="Z">No se presta</subfield>
  </datafield>
  <datafield tag="952" ind1=" " ind2=" ">
    <subfield code="0">0</subfield>
    <subfield code="1">0</subfield>
    <subfield code="7">1</subfield>
    <subfield code="8">PD</subfield>
    <subfield code="a">PD</subfield>
    <subfield code="b">PD</subfield>
    <subfield code="c">HD</subfield>
    <subfield code="d">2011-03-09</subfield>
    <subfield code="i">LF1</subfield>
    <subfield code="l">0</subfield>
    <subfield code="o">324.7 R173p</subfield>
    <subfield code="p">26287-20</subfield>
    <subfield code="r">2020-06-25</subfield>
    <subfield code="t">e. 2</subfield>
    <subfield code="w">2020-06-25</subfield>
    <subfield code="y">LFPD</subfield>
    <subfield code="Z">No se presta</subfield>
  </datafield>
  <datafield tag="999" ind1=" " ind2=" ">
    <subfield code="c">25779</subfield>
    <subfield code="d">25779</subfield>
  </datafield>
</record>
